Open Data Biblioteca Nacional de Portugal


República Portuguesa: Ministério da Cultura
Biblioteca Nacional de Portugal

Catálogo da BNP: acesso por Identificadores Unívocos
Registos Bibliográficos associados ao registo de autoridade

Etiqueta de registo: 00000nkm 2200025 450
001 2276322
003 http://id.bnportugal.gov.pt/bib/catbnp/2276322
100 ## $a20260305d1992 m y0pory01030103ba
101 0# $apor
102 ## $aPT
200 1# $aNorférias 92, 1º Salão de Férias e Turismo, EXPONOR (Porto), 14 a 23 fevereiro 1992$bVisual gráfico]$fAssociação Industrial Portuense
210 #9 $a[Porto]$cAssociação Industrial Portuense,$d1992
215 ## $a1 cartaz$ccolor.$d67,8x47,3 cm
317 ## $aColeção Madeira Luís
710 01 $aSalão de Férias e Turismo,$d1,$ePorto,$f1992$31993504
712 02 $aAssociação Industrial Portuense$3151
712 01 $aEXPONOR.$bDivisão de Feiras e Exposições$31989153
712 01 $aGE - Gestão de Exposições e Serviços S. A.$31989175
801 #0 $aPT$bBN$gRPC
966 ## $lBN$mICONOG$sCT. 23506 A.$x3
971 ## $cCaticonografia7$d20260305
995 ## $aPRR2026

OpendataBNP@bnportugal.pt | Mais informação sobre acesso aos dados BNP